Quizzes
Events
Quiz Creation
Community
Videos
Private Events
Remove Ads
Sign In
Join for FREE
Feedback
Dark Mode
Quiz Categories
Sports
Geography
Music
Movies
Television
Just For Fun
Miscellaneous
History
Literature
Language
Science
Gaming
Entertainment
Religion
Holiday
For Kids
Quiz Lab
Recent
Popular Today
Quiz Kudos Today
Editor Picks
Curator Picks
Quizzes by...
Day
Popularity
Type
Ratings
Length
Year
Community
Subscriptions
Recent Discussions
Orange Saloon
Badges
Playlists
Quests
Create
Leaderboards
Showdown
Live 5
Trivia Bingo
Activity
Puzzle Library
Sporcle Events
Private Events
Virtual Trivia
Globe League
Become a Host
Pub Owners
SporcleCon
Opinionation
Our Games
Videos
Blog
Mobile Apps
Partnerships
Remove Ads and Go Orange
Feedback
Sports
Athletes
MLB
NBA
NHL
NFL
Soccer
Sports Teams
WWE
NCAA
Football
Premier League
Basketball
Baseball
Hockey
Golf
Tennis
Cricket
Rugby
Auto Racing
Olympics
World Cup
Sports
Athletes
MLB
NBA
NHL
NFL
Soccer
Sports Teams
WWE
NCAA
Football
Premier League
Basketball
Baseball
Hockey
Golf
Tennis
Cricket
Rugby
Auto Racing
Olympics
World Cup
Random Quiz
Search Sporcle
×
Quiz Lab
Quiz Lab
Sports
Snooker
Type in answers that appear in a list
Type in answers that appear in a list
Classic
Best Score? Go Orange.
Snooker Breaks 33 - 64 Stats
Can you name the Snooker Breaks 33 - 64?
By
snooks147
5m
32 Questions
39 Plays
39 Plays
39 Plays
Comments
Comments
Give Quiz Kudos
Give Quiz Kudos
-
- Ratings
hide this ad
Forced Order
Answers have to be entered in order
Answers have to be entered in order
Replay
Link that replays current quiz
Next Quiz
Link to next quiz in quiz playlist
You Got
0%
They Got
Avg Score
59%
Avg Friend Score
Upgrade to see
Score Distribution
Jump to the score distribution portion of the page
Score
0/32
Timer
05:00
0
Plays Today
Player
% Correct
Anthony Hamilton
145
84.6%
Dominic Dale
145
82.1%
Ian McCulloch
145
82.1%
Michael Judge
144
82.1%
Stuart Pettman
142
82.1%
Mike Dunn
138
82.1%
Rory McLeod
145
79.5%
Alan McManus
143
69.2%
Ken Doherty
145
66.7%
Marcus Campbell
147
66.7%
Martin Gould
137
66.7%
Mark Davis
140
66.7%
Jimmy Michie
139
66.7%
Tom Ford
147
66.7%
Andy Hicks
147
66.7%
David Gilbert
135
66.7%
Player
% Correct
Barry Pinches
147
66.7%
John Parrott
147
66.7%
Adrian Gunnell
147
64.1%
Andrew Higginson
147
64.1%
Jimmy White
147
64.1%
Jamie Burnett
148
53.8%
Robert Milkins
147
53.8%
David Morris
141
43.6%
David Roe
140
43.6%
Rod Lawler
143
43.6%
Liu Song
137
38.5%
Peter Lines
141
38.5%
Jin Long
121
33.3%
Joe Delaney
126
33.3%
Mark Joyce
118
28.2%
Paul Davies
5.1%
Quiz Playlist
Details
Report
Send in Message
Add To Playlist
Classic:
Type in answers that appear in a list
Forced Order:
Answers have to be entered in order
Last Updated: Feb 16, 2017
Quiz Scoreboard
CHALLENGE
Sign Up to Join the Scoreboard
Show All
Scores
Hide
Comments
May contain spoilers
Recently Published
Movies - When Are They Set?
by FPL_Elf
Movies
5m
Popular People in 1961
by mucciniale
History
6m
1-10 Letter E Words III
by El_Dandy
Language
2m
More to Explore
Quiz From the Vault
Featured Blog Post
Where Did the Easter Bunny Come From?
hide this ad
You Might Also Like...
Tags
break
Player
Snooker
Snooker Breaks
Today's Top Quizzes in Sports
Browse Sports
hide this ad
Today's Top Quizzes in Snooker
Browse Snooker
Top Contributed Quizzes in Sports
1
Les meilleurs buteurs des matchs entre le PSG et l’OM
2
2022 World Cup Stars
3
FIFA Club World Cup Champions
4
Les entraîneurs de l'OM et du PSG au 21e siècle
5
Name the Premier League winners with different clubs
6
La finale Lions - Afrique du Sud 2021
7
Criteria MLB: Left Handed Sluggers
8
Les joueurs passés par le LOSC et le RC Lens
9
Players with Multiple 50 Home Run Seasons
10
MLB Players with Two .350 Batting Average Seasons
Explore More
Trending Topics
Harry Potter
Kpop
Disney
Marvel
Anime
NBA
Crossword
Country
WWE
NFL
Soccer
The Office
Puzzle
Pokémon
Song
hide this ad
More By:
snooks147
Quiz
Plays
Rating
Category
Featured
Created
Snooker players 1 - 64
1,590
4.33
Sports
Mar 2, 2010
Name the snooker player
552
2.33
Sports
Feb 26, 2010
Snooker Breaks 1 - 32
335
1.33
Sports
Feb 26, 2010
Snooker player's nicknames
154
Sports
May 3, 2010
Snooker Maximums
134
2.00
Sports
Feb 26, 2010
Go to Creator's Profile
Score Distribution
Quiz Creator Spotlight
snooks147
Follow
Send a Message
Quizzes Created
-
Created Quiz Play Count
-
More By This Creator
Popular Quizzes Today
1
Find the Countries of Europe - No Outlines Minefield
2
Find the US States - No Outlines Minefield
3
The Countries of the World
4
Popular People in 1961
5
US States
6
1-10 Letter E Words III
7
Find the US States
8
One Thing in Common: World Cities II
More Sports Quizzes
NFL Last 5 Coaches by Team
Published
Trending Quizzes
Risky Map Clicking: Least Populous States A-Z
1-10 Letter F Words
1-10 Letter G Words
One Thing in Common: United Kingdom
Risky Map Clicking: Next State Alphabetically
Recently Updated
Leaping Animals
pecheneg
Reality TV Shows (A-Z)
bhenderson79
Rickey Henderson's Hall of Fame Teammates
pecheneg
Champions League XIs: Arsenal
pecheneg
Quick Pick: Celebrities in WWE's Hall of Fame
aduchscher
A-Z Keypad Blitz II
pecheneg
Multiple Oscar Actors
pecheneg
Mystery Phrase Blitz: Oscar 'Best Actors'
pecheneg
F. Scott Fitzgerald Novels
LTH
Pick 3 Villains
ddd62291
Trending Topics
Kpop
Marvel
Disney
NBA
Harry Potter
Crossword
Anime
The Office
Song
WWE
Soccer
Puzzle
Country
Pokémon
NFL
Your Account Isn't Verified!
In order to create a playlist on Sporcle, you need to verify the email address you used during registration. Go to your
Sporcle Settings
to finish the process.
Report this User
Report this user for behavior that violates our
Community Guidelines
.
Details:
Send Report
Go to the Sporcle.com Mobile Site →
Comments